00956nam a2200229Ia 4500003000900000008004100009020001800050040001600068080002300084111009200107245020500199260003700404300001400441490002700455650001900482700003100501700003300532710003700565942000700602999001700609952010000626IN-BaIIA211028s9999 xx 000 0 eng d a0-7923-5059-6 cIIA Library a082.2:52bIAU-S188 aSymposium of the International Astronomical Unionn188thcJapand1997 Aug. 26-30922184 4aThe hot Universebproceedings of the 188th IAU Symposium held in Kyoto, Japan, August 26-30, 1997cedited by Katsuji Koyama, Shunji Kitamato and Masayuki Itoh  aDordrechtbKluwer Academicc1998 axv, 474p. aIAU Symposium; no. 188 aUniverse91987 aItoh, Masayuki, ed.922185 aKitamato, Shunji, ed.922186 aInternational Astronomical Union cBK c12663d12663 00104070aBANbBANcGENd1998-09-14l0o082.2:52/ IAU-S188p13580r2021-11-05w1998-09-14yBK